Statistiques concernant Actrices Oscarisées par images #1

Cliquez ici pour prendre le quiz!

Statistiques générales

  • Ce quiz a été pris 864 fois
  • Le résultat moyen est 7 sur 16

Statistiques - réponses

Réponse% Correct
Natalie Portman
91%
Meryl Streep
82%
Cate Blanchett
65%
Sandra Bullock
63%
Cher
59%
Charlize Theron
55%
Brie Larson
45%
Halle Berry
43%
Reese Witherspoon
41%
Michelle Yeoh
38%
Barbra Streisand
30%
Grace Kelly
30%
Frances McDormand
28%
Renée Zellweger
28%
Katharine Hepburn
25%
Faye Dunaway
10%

Distribution des résultats

Percentile par nombre de réponses

% des personnes avec chaque résultat

Votre développement - résultats

Vous n’avez pas pris ce quiz